Normal view
MARC view
- Grisbrook, H. [from old catalog]
Entry Personal Name
001 - CONTROL NUMBER
- control field: 41915
003 - CONTROL NUMBER IDENTIFIER
- control field: NUST
005 - DATE AND TIME OF LATEST TRANSACTION
- control field: 20210314132155.0
008 - FIXED-LENGTH DATA ELEMENTS
- fixed length control field: 210314|| aca||aabn | a|a d
040 ## - CATALOGING SOURCE
- Original cataloging agency: NUST
- Transcribing agency: NUST
100 ## - HEADING--PERSONAL NAME
- Personal name: Grisbrook, H. [from old catalog]
670 ## - SOURCE DATA FOUND
- Source citation: Work cat.: (NUST): Grisbrook, H. [from old catalog], Pictorial guide to engineering workshop practice,, [1943]
